000
00177nam a2200085Ia 4500
008
250605s9999 xx 000 0 und d
041
_a
eng
100
_a
Rahul Singh
245
_a
I2e1
999
_c
44554
_d
44554